书目信息 |
| 题名: |
布瓜的世界
|
|
| 作者: | 几米 绘 | |
| 分册: | ||
| 出版信息: | 北京 人民文学出版社 2007 |
|
| 页数: | 128页 | |
| 开本: | 20cm | |
| 丛书名: | ||
| 单 册: | ||
| 中图分类: | J228.2 | |
| 科图分类: | ||
| 主题词: | 漫画--中国--现代--画册 , 漫画 | |
| 电子资源: | ||
| ISBN: | 978-7-02-006284-3 | |
| 000 | 00882nam0 2200277 45 | |
| 001 | 1133614422 | |
| 005 | 20110413090404.37 | |
| 010 | @a978-7-02-006284-3@dCNY26.00 | |
| 100 | @a20110406e20092007ekmy0chiy0120 ea | |
| 101 | 0 | @achi |
| 102 | @aCN@b110000 | |
| 105 | @aa t 000yy | |
| 106 | @ar | |
| 200 | 1 | @a布瓜的世界@ABu Gua De Shi Jie@dPourquoi@e几米作品@EJi Mi Zuo Pin@f几米绘@FJi Mi Hui@zeng |
| 210 | @a北京@c人民文学出版社@d2007@h2009 | |
| 215 | @a128页@d20cm | |
| 306 | @a台湾大块文化出版股份有限公司授权出版 | |
| 330 | @a本书以“为什么”为主题,将浪漫的想象与现实生活融为一体,使作品中充满了诗意与睿智的灵魂。 | |
| 510 | 1 | @aPourquoi@zeng |
| 517 | 1 | @a几米作品@AJi Mi Zuo Pin |
| 606 | 0 | @a漫画@y中国@z现代@j画册 |
| 606 | 0 | @a漫画 |
| 690 | @aJ228.2@v4 | |
| 701 | 0 | @a几米@AJi Mi@4绘 |
| 801 | 0 | @aCN@bTANGWEI@c20110413 |
| 905 | @b0535340-44@dJ228.2@e273:3@f5 | |
| 布瓜的世界=Pourquoi:几米作品/几米绘.-北京:人民文学出版社,2007(2009) |
| 128页;20cm |
| ISBN 978-7-02-006284-3:CNY26.00 |
| 本书以“为什么”为主题,将浪漫的想象与现实生活融为一体,使作品中充满了诗意与睿智的灵魂。 |
| ● |
| 相关链接 |
|
|
|
|
正题名:布瓜的世界
索取号:J228.2/273:3
 
预约/预借
| 序号 | 登录号 | 条形码 | 馆藏地/架位号 | 状态 | 备注 |
| 1 | 0535340 | 205353400 | 第一样本阅览室/ [索取号:J228.2/273:3] | 在馆 | |
| 2 | 0535341 | 205353419 | 第一借阅区/ [索取号:J228.2/273:3] | 在馆 | |
| 3 | 0535342 | 205353428 | 第一借阅区/ [索取号:J228.2/273:3] | 在馆 | |
| 4 | 0535343 | 205353437 | 第一借阅区/ [索取号:J228.2/273:3] | 在馆 | |
| 5 | 0535344 | 205353446 | 第一借阅区/ [索取号:J228.2/273:3] | 在馆 |